| 000 | 00738nam a2200289 a 4500 | ||
|---|---|---|---|
| 999 |
_c5930 _d5930 |
||
| 001 | 5930 | ||
| 003 | BD-JhCC | ||
| 005 | 20171231194025.0 | ||
| 008 | 171230s1960 us 001 0 eng d | ||
| 035 | _a(BD-JhCC) | ||
| 035 | _a(BD-JhCC)5930 | ||
| 040 |
_aBD-JhCC _cFO _dBD-JhCC _dDLC |
||
| 041 | _aeng | ||
| 050 | 0 | 0 |
_aRA776 _b.P63 |
| 082 |
_a613 _bPIN 1960 |
||
| 100 | 1 | _aPinckney, Edward R. | |
| 245 | 1 | 0 |
_aYou can prevent illness / _cEdward R. Pinckney, |
| 250 | _a1st ed. | ||
| 260 |
_aPhiladelphia, _bLippincott, _c[1960] |
||
| 300 |
_a157 p. _billus. _c21 cm. |
||
| 504 | _aincludes index | ||
| 650 | 0 | _aHygiene. | |
| 650 | 0 | _aMedicine, Preventive. | |
| 650 | 0 | _aMedicine, Popular. | |
| 942 |
_2ddc _cBK |
||